LEADER 00982nam a2200217 i 4500 001 000000341893 003 CaOOAMICUS 005 20200907101804.0 008 200907s1998 it u001 u ita u 013 $a165851 040 $aSeMil$bita 100 1 $aPiovanelli, Silvano,$c.$0(OLS)http://semarc/name/26005 245 11$a"Tu, credi in Gesł Cristo?" Lettera Pastorale 1998 /$cSilvano Card. Piovanelli Arcivescovo di Firenze. 260 $aFirenze :$bCooperativa Firenze 2000,$cstampa 1998. 300 $a109 p. ;$c21 cm. 650 4$aPiovanelli, Silvano - Lettere pastorali.$0(OLS)http://semarc/subject/35362 850 $aSeMil 852 $aSeMil$W1$xVenegono$y1$m5D XI 22/19$j221422$B232938$CSeMilBibl$Z2$F232938 $81 996 $6245$a"Tu, credi in Gesł Cristo?" Lettera Pastorale 1998$9(OLS)http://semarc/title/430786 996 $6260$aFirenze :$bCooperativa Firenze 2000$9(OLS)http://semarc/publisher/41908 LEADER 01438nam a2200253 i 4500 001 000000252642 003 CaOOAMICUS 005 20250407135010.0 008 170124s1698 gw u000 u lat u 026 $as.a- r-s. am,& ceAb (3) 1698 (A) 040 $aSeMil$bita 100 1 $aSulger, Arsenius,$c.$0(OLS)http://semarc/name/89464 245 10$aPars prima Complectens tria saecula. 264 1$aAugustae Vindelicorum :$bTypis Mariae Magdalenae Utzschneiderin,$c1698. 300 $a[26], 320 p., [3] carte di tav. :$bantip., ritr. ;$c4° 500 $aIniz., fregi xilogr. 500 $aSegn.: ]*[4 A-2S4 2T2 773 0 $aSulger, Arsenius, $tAnnales imperialis monasterii Zwifaltensis, ordinis s. benedicti in Sueviā, ordine temporis et abbatum serie distincti ; atque ą primā origine ad haec usque tempora deducti ... authore R.P. Arsenio Sulger... Pars 1. [-2.].$bNunc primum post operosam recognitionem prodit in lucem.$dAugustae Vindelicorum : Typis Mariae Magdalenae Utzschneiderin, 1698.$g1$w()5395 850 $aSeMil 852 $aSeMil$W1$xVenegono$y1$m3P VII 5 FA$j202988$B202988$CSeMilBibl$Z2$F215710 $8I 961 $aRecupero: Mantegazza 996 $6245$aPars prima Complectens tria saecula$9(OLS)http://semarc/title/410093 996 $6264$aAugustae Vindelicorum :$bTypis Mariae Magdalenae Utzschneiderin$9(OLS)http://semarc/publisher/55739